00760nam a2200205 i 4500001000300000245005700003246006300060260003700123490004700160500006400207700002100271700002000292830004700312020001500359040000800374041000800382080002500390008004100415856009800456bg 0aSuperconducting materials /cE.M. Savitski [et al.]. iTyt. oryg.:aMetallovedenie sverchprovodjascich materialov aNew York :bPlenum Press,c1973.1 aInternational Cryogenics Monographs Series aTyt. oryg.:"Metallovedenie sverchprovodjascich materialov".1 aSavitskii, E. M.1 aSavickij, E. M. aInternational Cryogenics Monographs Series a0306305860 cBPK apol a669.017/.018:538.945 s pl f |000 0 pol  uhttp://koha.tu.koszalin.pl/cgi-bin/koha/opac-detail.pl?biblionumber=19280yKatalog online BPK